000 00259nam a22001217a 4500
008 170316b xxu||||| |||| 00| 0 eng d
041 _aeng
080 _a611
100 _a7
101 _aSHM
245 _aTHE ANATOMY BEREAVEMENT
_cRAPHAEL.B
942 _2udc
_cBK
999 _c7944
_d7944